000
00235nam a2200097Ia 4500
001
723076
005
20250826163324.0
008
250824s9999 xx 000 0 und d
245
0
_a
220 VOLT
_c
JOSEPH INCARDONA
260
_b
EVEREST YAYINLARI
999
_c
723076
_d
723076